000 00321 a2200145 4500
001 123913
040 _cEscola Canadense de Niteroi
100 _aReader's Digest
245 1 0 _aDiscovering the Amazon
362 0 _a1994
490 0 _aTravels and Adventures
650 4 _aBrasil
650 4 _aNon-Fiction
942 _cBK
999 _c123913
_d123913